| 000 | 00594nam a22001817a 4500 | ||
|---|---|---|---|
| 999 |
_c193680 _d193680 |
||
| 005 | 20221109124005.0 | ||
| 010 | _aENG-135631 | ||
| 020 |
_a9788194706915 _c350.00 |
||
| 035 | _aEN-119163 | ||
| 037 | _bDBAD/PUB | ||
| 082 | _a332.4 | ||
| 100 | _aShankari, K. Hema | ||
| 245 |
_aConspectus of blockchain/ _cby K. Hema Shankari |
||
| 260 |
_aChennai _bJupiter Publications Consortium _c2021 |
||
| 270 |
_a22/102,Second Street, Virugambakkam _bChennai _e600092 _mdirector@jpc.in.net |
||
| 300 |
_a203p. _c24cm(pbk) _bBibliography & Webliography |
||
| 942 |
_2ddc _cEN _mSHA _h332.4 |
||